Instrucción cívica; manual de la constitución. comentario de la constitución de 1853 con las reformas /

Guardado en:
Autor Principal: Sastre, Pastor
Formato: Libro
Publicado: Buenos Aires : Ciordia y Rodriguez, 1957
Materias:
Etiquetas: Agregar Etiqueta
Sin Etiquetas, Sea el primero en etiquetar este registro!
LEADER 00724nam a22002175a 4500
001 CEM.cems005848
005 20060214000000.0
008 130507s1957##################000#0#####d
003 CEMS
082 0 4 |a 342.82 
100 1 |a Sastre, Pastor 
245 1 0 |a Instrucción cívica; manual de la constitución. comentario de la constitución de 1853 con las reformas / 
260 |a Buenos Aires :  |b Ciordia y Rodriguez,  |c 1957 
300 |a 275 p. 
653 |a Constitucion-antecentes 
653 |a Democracia 
653 |a Estado 
653 |a Garantias individuales 
653 |a Gobierno federal 
859 |a CEMS  |b BIB. CEMS - 11 de abril  |h 342.82  |i Sa79  |p 8635.81  |t Ej.1 
859 |a CEMS  |b BIB. CEMS - 11 de abril  |h 342.82  |i Sa79  |p 9966.81  |t Ej.2